|
|
|
|
| LEADER |
00000nam a22000007a 4500 |
| 003 |
cru CIDCACS/IIS |
| 005 |
20180927091200.0 |
| 008 |
180927b1989 cr ||||| |||| 00| 0 spa d |
| 999 |
|
|
|c 41747
|d 41747
|
| 040 |
|
|
|c cru CIDCACS/IIS
|
| 090 |
|
4 |
|a REV0750 (23) 1989
|
| 100 |
1 |
|
|9 7756
|a Gutiérrez, Mariela
|
| 110 |
2 |
|
|9 7636
|a Departamento Ecuménico de Investigaciones (DEI)
|
| 245 |
1 |
3 |
|a El monte (el bosque):
|b Cielo e infierno del hombre afroamericano
|c Mariela Gutiérrez
|
| 260 |
|
|
|a San José, Costa Rica
|b DEI
|c 1989
|
| 300 |
|
|
|a 11-14 páginas.
|
| 650 |
1 |
0 |
|2 Macrotesauro OCDE
|9 6217
|a AFROAMERICANOS
|
| 650 |
1 |
0 |
|9 5217
|a TRAFICO DE ESCLAVOS
|
| 650 |
1 |
0 |
|9 1415
|a TRADICION
|
| 651 |
|
0 |
|9 5221
|a AFRICA
|
| 651 |
|
4 |
|9 1846
|a CUBA
|
| 773 |
0 |
|
|0 41641
|9 2276
|a Departamento Ecuménico de Investigaciones (DEI)
|d San José, Costa Rica Departamento Ecuménico de Investigaciones (DEI)
|o 20063
|t Pasos /
|
| 942 |
|
|
|2 ddc
|c PP
|